000 00706nam a22001937a 4500
999 _c18583
_d18583
003 AR-CdUCM
008 190514b ||||| |||| 00| 0 spa d
040 _aMUNICIPALIDAD PROVINCIAL DEL CUSCO
_cBIBLIOTECA MUNICIPAL DEL CUSCO
082 _a868.6 /
_bL46
100 _aLeon, Ricardo.
_911095
245 _aCasta de hidalgos :
_bNovela /
260 _aSantiago de Chile :
_bOsiris,
_c1934.
300 _a236 páginas ;
_c20 cm.
440 _aColección Osiris.
_n61.
_939251
505 _aContenido : La casa y el camino -- Las lágrimas de las cosas -- La danza de los muertos -- Llama de amor viva -- Noche oscura del alma ...
650 _aNovela.
_95
942 _2ddc
_cLIBROS
945 _arum
_d2019-05-14